| 000 | 00596nam a2200241 a 4500 | ||
|---|---|---|---|
| 001 | nice12345678 | ||
| 003 | IN_TiNIC | ||
| 005 | 20260116012659.0 | ||
| 008 | 050524s0000 illa grp 000 0 eng | ||
| 020 |
_a _c100 |
||
| 082 | 0 | 0 |
_a232.8 _bFIT |
| 100 | _aFitch, Theodore | ||
| 245 | _aThrilling Bible Doctrines and Miracles. | ||
| 260 |
_aIllinois _bBible Truth Publishers _c0000 |
||
| 300 | _a36p | ||
| 500 | _aincludes index and biblioraphy | ||
| 505 | 2 | _aIndex | |
| 650 | _aJesus Christ-Divinity | ||
| 700 | 1 | _aFitch, Theodore | |
| 902 | _bSRS | ||
| 942 | _cBK | ||
| 999 |
_c7920 _d7920 |
||